[Event "GER-ch 77th"]
[Site "Osterburg"]
[Date "2006.02.05"]
[Round "3"]
[White "Tischbierek, Raj"]
[Black "Gustafsson, Jan"]
[Result "1/2-1/2"]
[WhiteElo "2466"]
[BlackElo "2614"]
[Annotator "Lukacs,P"]
[PlyCount "77"]
[EventDate "2006.02.03"]
[EventType "swiss"]
[EventRounds "9"]
[EventCountry "GER"]
[SourceTitle "CBM 112"]
[Source "ChessBase"]
[SourceDate "2006.06.07"]
[SourceVersion "1"]
[SourceVersionDate "2006.06.07"]
[SourceQuality "1"]

1. e4 e5 2. Bc4 Nf6 3. d3 Bc5 4. Nf3 Nc6 5. Nc3 d6 6. Bg5 {This is the
so-called Canal Variation.} h6 (6... Na5 {is the alternative here.}) 7. Bxf6
Qxf6 8. Nd5 Qd8 9. c3 Ne7 10. d4 exd4 (10... Nxd5 $5 11. dxc5 Nf4 (11... Ne7
12. cxd6 cxd6 {Black's backward P is not the end of the world.} 13. Qa4+ Nc6
14. Bd5 Qc7 $11 {Sozin}) 12. g3 (12. O-O Qf6 13. cxd6 cxd6 14. Bb5+ Ke7 {
The K in the middle is safe in this case, Black has a strong pressure on the
dark squares.} 15. Re1 h5 16. Re3 h4 17. Qd2 Rh6 18. c4 Bg4 19. c5 dxc5 20. Qc3
Bxf3 $15 {Tisdall-Hjartarson, Iceland 1988}) (12. Bb5+ Bd7 13. Bxd7+ Qxd7 14.
g3 Ne6 $11 {Tartakower-Fine, Hastings 1935/36}) 12... Nh3 $1 (12... Ne6 13.
cxd6 Qxd6 14. Qxd6 cxd6 15. O-O-O {Here the backward P is a strategical
weakness in the _|_.} Ke7 16. Nh4 g6 17. f3 Nc7 18. Ng2 h5 19. Ne3 $14 {
Diaz-Moldobaev, Frunze 1989}) 13. Bb5+ ({The premature} 13. cxd6 {helps only
for Black.} cxd6 14. Bb5+ Kf8 15. Qe2 Qb6 16. Nh4 Bg4 17. f3 Ng1 $1 $15 {
is the unexpected blow, Diaz-Garcia, Las Palmas 1989.}) 13... Bd7 {is the
simplest way for Black.} (13... Ke7 14. Qe2 Bg4 15. Qe3 Qc8 16. Be2 Qe6 17. Nh4
$14 {Ivanovic-Salov, Beograd 1987}) (13... Kf8 14. Be2 Qf6 15. cxd6 cxd6 16.
Qd3 g6 (16... Ng5 $5) 17. Rd1 Ke7 18. Qe3 Be6 19. c4 b6 20. Rd2 $14 {
Ivanovic-Ki.Georgiev, Vrsac 1987}) (13... c6 14. Be2 $14 {>< e5}) 14. Bxd7+
Qxd7 15. cxd6 Qxd6 (15... cxd6 16. Qe2 $11) 16. Qxd6 cxd6 17. Rd1 Ke7 18. Ke2
Rac8 19. Rd5 Ng5 20. Nd2 Rc5 21. Rxc5 dxc5 $11 {Ivanovic-Smejkal, Novi Sad 1990
}) 11. cxd4 (11. Nxd4 {cannot be taken seriously.} Nxd5 12. Bxd5 O-O {Black's
^^ can even be dangerous in the _|_.} 13. Qd3 Qf6 $11 {Canal-Johner, Karlsbad
1929} (13... Bxd4 14. cxd4 c6 15. Bb3 Qa5+ 16. Qd2 Qxd2+ 17. Kxd2 Be6 18. d5
cxd5 19. Bxd5 {1/2:1/2 Tartakower-Rubinstein, Budapest 1929})) 11... Bb6 (11...
Nxd5 12. dxc5 Nf4 13. O-O (13. g3 Nh3 14. cxd6 O-O) 13... dxc5 (13... Qf6 14.
cxd6 Bh3 {looks frightening, but White has enough defensive resources.} 15. Ne1
cxd6 16. Qb3 Qg5 17. Rd1 $36 (17. g3 O-O (17... Bxf1 $2 18. Bxf7+ Kf8 19. Qxb7
Bh3 20. Bc4 Ne2+ 21. Kh1 {1-0 Diaz-Lugo, Cuba-ch 1987}) 18. Nf3 Qh5 19. Rfe1 b5
20. Bd5 Nxd5 21. exd5 Rfe8 $13)) 14. Qa4+ (14. Qxd8+ Kxd8 15. Bxf7 Ke7 16. Bc4
Be6 $13) 14... c6 15. Qa3 Qe7 $13) 12. Nxb6 (12. O-O Nxd5 13. Bxd5 O-O {
White has a nice [+], but the ^^ is also strong.} 14. h3 c6 15. Bb3 Qf6 16. Qd3
Be6 17. Bc2 g6 $13 {Golombek-Michell, Hastings 1935}) 12... axb6 13. O-O O-O (
13... d5 $5 14. exd5 Nxd5 {Black has created an isolated P, but has not
completed his development in an open position.} 15. Qc2 $142 (15. Re1+ Be6 16.
Bxd5 (16. Ne5 O-O 17. Qf3 c6 {Now Black has everything in order.} 18. Rad1 Re8
19. a3 Qg5 20. h3 Rad8 21. Nd3 Nc7 22. Bxe6 Rxe6 $11 {Ad.Horvath-Aleksandrov,
Izmir 2004}) 16... Qxd5 17. Re5 Qd6 18. d5 $5 O-O-O 19. Qa4 Bxd5 20. Rd1 c6 21.
Rexd5 cxd5 22. Nd4 $44 {Timman-Nunn, Amsterdam 1985}) 15... Be6 (15... O-O $2 {
loses a P after} 16. Bxd5 $16) (15... c6 $2 {founders on} 16. Rfe1+ Be6 17.
Rxe6+ $1 $18) 16. Bxd5 Bxd5 17. Rfe1+ Kf8 18. Re3 (18. Ne5 g6 {/\ Kg7}) 18...
g6 {/\ Kg7}) 14. h3 $6 {This allows the freeing move in the [+].} (14. Qb3 Bg4
(14... Nc6 15. Qc3) 15. h3) (14. Re1 d5 (14... Bg4 15. h3) 15. exd5 Nxd5 16.
Qb3 Be6 17. a4 c6 $11) 14... d5 $15 15. exd5 Nxd5 {Here the h3 move is rather
useless.} 16. Ne5 (16. Re1 Be6) 16... Be6 17. Qf3 c6 18. Rad1 Re8 19. Rfe1 Nf6
20. Bxe6 Rxe6 21. a3 Qd5 22. Qxd5 Nxd5 {The _|_ is a bit better for Black,
rooks and knight work well against the isolated P.} 23. Kf1 Rd8 24. Nc4 Rxe1+
25. Kxe1 b5 26. Ne3 f6 $6 (26... Nb6 $15 {it is important to keep the N if
Black wants to win.}) 27. Nxd5 Rxd5 $11 {The R _|_ is drawish, as a rule, the
white K comes quickly towards the [+] .} 28. Ke2 Kf7 29. Kd3 g5 30. g4 Rd8 31.
Rc1 Re8 32. Rf1 Rd8 33. Rc1 Re8 34. Rf1 Ra8 35. f4 Rd8 36. Ke4 Re8+ 37. Kd3 Rd8
38. Ke4 Re8+ 39. Kd3 1/2-1/2

[Event "EU-Cup 20th"]
[Site "Izmir"]
[Date "2004.10.05"]
[Round "3.2"]
[White "Short, Nigel D"]
[Black "Aleksandrov, Aleksej"]
[Result "1-0"]
[WhiteElo "2687"]
[BlackElo "2659"]
[Annotator "Lukacs,P"]
[PlyCount "85"]
[EventDate "2004.10.03"]
[EventType "team-swiss"]
[EventRounds "7"]
[EventCountry "TUR"]
[SourceTitle "CBM 104"]
[Source "ChessBase"]
[SourceDate "2005.01.27"]
[SourceVersion "1"]
[SourceVersionDate "2005.01.27"]
[SourceQuality "1"]
[WhiteTeam "Sarajevo Bosna"]
[BlackTeam "Ekaterinburg Max Ven"]
[WhiteTeamCountry "BIH"]
[BlackTeamCountry "RUS"]

1. e4 e5 2. Nf3 Nc6 3. Bc4 Bc5 4. Nc3 Nf6 5. d3 d6 6. Bg5 h6 (6... Na5 {
is the other alternative against the Canal Variation.}) 7. Bxf6 Qxf6 8. Nd5 Qd8
9. c3 a6 10. d4 Ba7 11. dxe5 Nxe5 (11... dxe5 12. Qe2 {Black has a strong ^^,
but White's pieces are excellent, especially the centralized d5 N.} Bc5 (12...
Bg4 13. Rd1 Qc8 (13... Qb8 $6 {looks too sophysticated.} 14. b4 $1 O-O 15. h3
Be6 (15... Bxf3 16. Qxf3 $16 {and the ^- helps for White's |^.}) 16. O-O Re8
17. Nh4 $1 $16 {storming the light squares, Inkiov-Schussler, Haifa 1989.}))
13. O-O-O Bd6 {The B has left the nice /^, where he didn't do much.} 14. Rd2 b5
(14... O-O 15. Rhd1 Qe8 16. Nh4 b5 17. Bb3 Na5 18. Nb6 $1 Nxb3+ 19. axb3 cxb6
20. Rxd6 {Now the d <-> secures White the edge.} Qe7 21. Qh5 $16 {Kholmov-Mi.
Tseitlin, Voskresenk 1990}) 15. Bb3 Na5 16. Nb6 $1 {The well-known motif again!
} Nxb3+ 17. axb3 Rb8 18. Nxc8 Qxc8 19. Rd5 $14 {Kotronias-Arnason, Reykjavik
1988}) 12. Nxe5 dxe5 13. Qh5 O-O {'!' Development first!} 14. Qxe5 Re8 15. Qf4
Qd6 (15... Be6 16. O-O-O Qg5 17. Qxg5 hxg5 18. Bb3 Rac8 19. f3 $16 {and White
is a healthy P up, Kotronias-Skembris, Athens 1987.}) 16. Qxd6 (16. Qf3 Be6 17.
O-O-O Qe5 $1 (17... Qc5 18. Bb3 Kh8 19. Rd2 b5 20. g4 Rad8 21. Rhd1 Bxd5 22.
Bxd5 {White has an extra P and the ^- works also for him.} b4 23. Rc2 Re7 24.
cxb4 Qxb4 25. a3 $16 {A.Sokolov-Conquest, Ostrava 1994}) 18. Bb3 (18. Be2 Rad8
19. Nb4 {If White has to give up his stronghold on d5, Black can get enough
counterplay in view of his strong ^^.} Rxd1+ 20. Bxd1 Bc4 21. Bc2 Re6 22. Qf5
a5 23. Bd3 Bxd3 24. Nxd3 Qxe4 25. Qxe4 Rxe4 26. Kd2 c6 27. f3 {1/2-1/2
Morozevich-Korneev, Elista 1997}) (18. Bd3 c6 19. Qf4 Qxf4+ {1/2-1/2
Minasian-Bezgodov, Kstovo 1994}) 18... c6 (18... Qg5+ 19. Rd2 c6 {
(Schroll-Kummer, Hartberg 2003)} 20. Nf4 $11) 19. Ne3 Bxb3 20. axb3 Qxe4 $11 {
A.Sokolov}) 16... Rxe4+ 17. Ne3 (17. Kd2 cxd6 {Black has a backward P on d6,
but his ^^ can give him good drawing chances.} 18. Bb3 Bd7 19. Rae1 (19. f3 Re5
20. f4 Re4 21. Rhe1 (21. Bc2 Rc4 22. Bb3 Re4 23. Bc2 Ree8 (23... Rc4 24. Rhe1)
24. Nc7 (24. Rhe1 Bc6 25. Bb3 Kf8 26. Nc7 Rxe1 27. Rxe1 Rc8 $11) 24... Be3+ 25.
Ke2 Bb6+ 26. Nxe8 Rxe8+ 27. Kd2 Be3+ {'=' and the white K cannot run away from
the checks. Sermek-Zhang Zhong, Beijing 1997} 28. Ke2 Bb6+ 29. Kd2 Be3+ $11 {
Sermek-Zhang Zhong, Beijing 1997}) 21... Rae8 22. Rxe4 Rxe4 23. Re1 Rxe1 24.
Kxe1 {Without rooks White advantage is only microscopical.} Kf8 25. Kd2 Bg1 26.
h3 h5 $11 {Ivanovic-Spassky, Bugojno 1984}) 19... Rae8 20. Rxe4 Rxe4 21. Re1
Re5 22. f4 Rxe1 23. Kxe1 Kf8 24. Bc2 Bc6 25. Be4 f5 26. Bf3 Kf7 27. h4 a5 28.
b3 Ke6 29. c4 Bd4 30. h5 Kd7 {1/2-1/2 Nadyrhanov-Fedorchuk, St Petersburg 2000}
) 17... cxd6 18. Bd5 (18. Bb3 Bd7 $11) 18... Re5 19. O-O-O Bxe3+ 20. fxe3 Rxe3
{'?!' There was no need to take that weak P.} (20... Rb8 21. Bf3 (21. Rhe1 Be6
$11) 21... Be6 22. Rxd6 Bxa2 $11 {was safer.} (22... Rxe3 23. Rb6)) 21. Rhf1
Be6 {'!?'} (21... Re7 22. Rxf7 Rxf7 23. Rf1 $14) 22. Bxb7 Ra7 23. Bd5 {'+/='
Now Black's pawns are in three islands and >< a6 and d6 are vulnerable.
Besides White can create a remote o^ on the <<.} a5 24. Bxe6 Rxe6 25. Rd2 {
R endings are rather drawish, but only if the defender can find some
counterplay.} a4 (25... Kf8 $14 {/\ Ke7}) 26. Kc2 g5 {weakening >< f5.} 27. Rf5
Kg7 28. Rfd5 Ra6 29. Kd3 (29. c4 $5 {looked logical improving the P structure
and bring the K as well.} Kf6 30. Kc3 $14) 29... f6 30. Kc4 Rb6 (30... Kf7 31.
Kb5 Ra8 32. Kb4) 31. Ra5 (31. b4 $5 {was a logical follow-up, but White wants
make profit from the weakness of a5.} axb3 32. axb3 $16) 31... Re4+ 32. Kd3 Rg4
33. Rf2 Kg6 34. h3 {This allows more counterplay.} (34. g3 $142 h5 35. Raf5 Rf4
(35... d5 36. Rxd5 h4 37. gxh4 Rxh4 38. c4 $16) 36. R5xf4 gxf4 37. gxf4 Kf5 38.
Kd4 h4 39. c4 $16 {was much better than in the game.}) 34... Rh4 35. Raf5 Rf4 (
35... Rxb2 $2 36. Rxf6+ Kg7 37. Rf7+ Kg8 38. Rxb2 Kxf7 39. Rb4 $18) 36. R5xf4
gxf4 37. Ke4 Kg5 38. Rd2 f5+ {'?'} (38... h5 $1 {was required, for example:}
39. c4 (39. Rd5+ Kg6) 39... f5+ 40. Kf3 (40. Kd5 Kh4 41. Ke6 f3 42. gxf3 f4 43.
Kf5 Rb4 $11) 40... Rb4 41. Rc2 h4 42. Ke2 Rb8 43. Kd3 f3 $1 $132 {followed by
Kf4.}) 39. Kf3 Rc6 (39... h5 40. h4+ $1) 40. a3 Rb6 41. h4+ Kxh4 (41... Kf6 42.
Kxf4 Ke6 43. Re2+ (43. g3 Rb7 $16) 43... Kf6 44. g3 Rb7 $16 {was the
persistant defence.}) 42. Kxf4 d5 (42... Rb5 43. g4 $1 $18 {and suddenly the
big threat is mate.} (43. Rd3 Kh5)) 43. Rd3 {'!'} 1-0

[Event "Olympiad-36"]
[Site "Mallorca"]
[Date "2004.10.25"]
[Round "10"]
[White "Sermek, Drazen"]
[Black "Sargissian, Gabriel"]
[Result "1/2-1/2"]
[WhiteElo "2547"]
[BlackElo "2611"]
[Annotator "Lukacs,P"]
[PlyCount "85"]
[EventDate "2004.10.15"]
[EventType "team-swiss"]
[EventRounds "14"]
[EventCountry "ESP"]
[SourceTitle "CBM 104"]
[Source "ChessBase"]
[SourceDate "2005.01.27"]
[SourceVersion "1"]
[SourceVersionDate "2005.01.27"]
[SourceQuality "1"]
[WhiteTeam "Slovenia"]
[BlackTeam "Armenia"]
[WhiteTeamCountry "SLO"]
[BlackTeamCountry "ARM"]

1. e4 e5 2. Nf3 Nc6 3. Bc4 Bc5 4. d3 Nf6 5. Nc3 h6 {against Bg5.} (5... d6 6.
Bg5 {is the main line of the Canal Variation.}) 6. Nd5 $5 (6. O-O a6 $142 {
In some cases Black can keep his K in the middle and begin an -> by g5 on the
>>.} (6... O-O 7. h3 a6 {/\ d6 avoiding Na4.} (7... d6 {This allows White to
exchange the important dark-squared B.} 8. Na4 Bb6 9. c3 Re8 (9... Be6 $5 {
Malaniuk, Legky}) 10. Bb3 Be6 11. Bc2 $14 {keeping the ^^, Malaniuk-Short,
Yerevan 1984.})) 7. Be3 (7. a3 d6 8. h3 O-O $11 {Battin-Coleby, Dubai (ol) 1986
} (8... g5 $5)) (7. a4 d6 8. h3 $11 {Lorum-Van der Linden, Kleve 1999}) (7. h3
d6 $11) 7... d6 8. Bxc5 dxc5 {Black has some pressure on d <->.} 9. Bd5 Nb4 10.
Nxe5 Nfxd5 11. exd5 O-O 12. Re1 Nxd5 {(Ivanovic-Pandovas, Nea Makri 1990)} 13.
Ne4 b6 14. d4 $11 {Andrianov}) (6. Be3 Bb6 7. h3 d6 8. Qd2 Be6 9. Bb3 Qd7 $11 {
M.Kovacic-Rogulj, Slovenia 1991}) 6... d6 (6... O-O 7. c3 a6 8. b4 Ba7 9. O-O
d6 10. h3 Nxd5 11. Bxd5 Ne7 12. Bb3 Ng6 13. d4 Qf6 {1/2-1/2 K.Honfi-S.Farago,
Budapest 1995}) 7. c3 a6 $5 (7... Nxd5 $142 {looks good and simple.} 8. Bxd5
Ne7 (8... O-O 9. O-O Bb6 10. a4 Ne7 11. Bb3 c6 12. Nh4 Kh7 13. d4 {
(Sturua-Lobzhanidze, Tbilisi 2000)} exd4 $1 {It is time to do something in the
[+].} 14. cxd4 d5 15. e5 Ng6 16. Nxg6 fxg6 {Black has to blockade the vital e6
and f5 squares.} 17. Be3 a5 $11) (8... Qf6 9. Bxc6+ (9. d4 Bb6 10. a4 a5 $13)
9... bxc6 10. Qe2 (10. d4 Bb6) 10... O-O 11. O-O Qe7 (11... Bb6 $13) 12. Be3
Bb6 13. a4 a5 14. Bxb6 cxb6 $11 {Golubev-Mitkov, Skopje 1991}) 9. Bb3 Ng6 10.
d4 Bb6 11. dxe5 (11. O-O O-O) 11... Nxe5 12. Nxe5 dxe5 13. Qxd8+ {(1/2-1/2
Belozerov-Smikovski, Omsk 2001)} Kxd8 14. Ke2 (14. Bxf7 $6 Rf8 $15) 14... Ke7
$11 {and the _|_ is totally equal.}) 8. d4 exd4 (8... Ba7 {keeping the tension
in the [+] was also playable.} 9. O-O (9. dxe5 Nxe5 10. Nxe5 dxe5 11. Qf3 Be6
12. O-O (12. Nxf6+ Qxf6 {leads only to mass exchanges.}) 12... c6 13. Nxf6+
Qxf6 $11) 9... O-O 10. Re1 (10. dxe5 Nxe5) 10... exd4 (10... Bg4 11. h3 $14)
11. cxd4 {- 8...exd4} (11. Nxd4 Ne5 $13)) 9. cxd4 Ba7 10. Nxf6+ (10. O-O O-O
11. Re1 Bg4 $132 {with a strong pressure on >< d4.}) 10... Qxf6 11. d5 Nd4 (
11... Ne5 $5 $13) 12. Nxd4 Bxd4 13. Qc2 Qg6 14. g3 O-O 15. O-O f5 16. Be3 Bxe3
17. fxe3 {White's P structure is not beautiful and his small lead of
development can easily vanish.} Bd7 (17... fxe4 18. Rxf8+ Kxf8 19. Rf1+ Kg8 20.
Be2 Bh3 (20... b5 21. Qc6 $1 (21. Qxc7 Bh3) 21... Ra7 $14) 21. Rf4 (21. Rf2 Rc8
) 21... Re8 $11) 18. Bd3 fxe4 19. Bxe4 Qg5 20. Rf4 Qe7 (20... Rxf4 21. exf4 {
improves White's P structure, but the black pieces become active after} Qf6 22.
Kh1 (22. Qxc7 $4 Qd4+ $19) 22... Re8 23. Rc1 Bh3 $132) 21. Raf1 g5 $5 {Black
wants more than simple equalization.} (21... Rxf4 $11) 22. Bh7+ (22. R4f2)
22... Kh8 (22... Qxh7 $4 23. Rxf8+ Rxf8 24. Rxf8+ $18) 23. Rxf8+ Rxf8 24. Rxf8+
Qxf8 25. Qxc7 $6 (25. Be4 Bh3 (25... Qe7 26. Kg2 $11) 26. Qe2 Qf6 $11 {and
White can hold the _|_.}) 25... Qe7 $1 26. Be4 $2 (26. Bd3 $1 Qxe3+ 27. Kg2
Qd2+ 28. Kg1 $11 {was better, because White has good drawing chances with a
perpetual check.}) 26... Qxe4 27. Qxd7 Qxe3+ 28. Kg2 Qd2+ 29. Kh3 Qxd5 {
Black has won a P, but his K is vulnerable.} 30. Kg4 $1 {White activates his K,
but in Q _|_ one has to do it carefully because of the mating threats.} Kg8 31.
b3 (31. Kh5 $2 {allows Black to liquidate to a winning P _|_.} Qf7+ $1 32.
Qxf7+ Kxf7 33. Kxh6 Kf6 $1 $19) 31... a5 32. Qe8+ $6 {This allows the black K
to come out of passivity.} (32. Qe7 $11) 32... Kg7 33. Qe7+ Kg6 34. Qe8+ Qf7 $1
35. Qe4+ Kg7 36. Qd4+ Qf6 {Black has significantly improved his position.} 37.
Qd5 (37. Qe4 b6) 37... Qe7 (37... b6 38. Qb7+ Kg6 39. Qe4+ Kf7 40. Kh5 $1 $11 {
and Black has difficulties making any progress.}) 38. Qxa5 $4 {[%mdl 8192]
Leaving the [+] in Q endings is a serious mistake.} (38. Kf5 $1 {keeping the Q
in the [+] was the persistant defence.} Qf6+ (38... Qf7+ 39. Ke4 $1) 39. Ke4 b6
40. a4 $15) 38... Qe4+ $1 {Now Black takes over the [+].} 39. Kh3 Qe6+ $4 {
This allows the white K to leave the dangerous territory.} (39... Kg6 $1 {
and the white K is a mating nest!} 40. Qa4 (40. Qd2 Kh5 $1 $19) (40. Qd8 Kh5 $1
$19) (40. Qc7 Qf3 41. Qc4 (41. Qxd6+ Kh5 $19) 41... d5 42. Qc2+ Kh5 $19 {
and the mate is inevitable!}) 40... g4+ 41. Kh4 Qxa4 42. bxa4 h5 43. h3 Kf5 $19
) 40. Kg2 Qe2+ 41. Kg1 Qe3+ 42. Kg2 Qe2+ 43. Kg1 1/2-1/2

[Event "GER-ch 70th"]
[Site "Bremen"]
[Date "1998.11.08"]
[Round "3"]
[White "Schmaltz, Roland"]
[Black "Huebner, Robert"]
[Result "1/2-1/2"]
[WhiteElo "2520"]
[BlackElo "2575"]
[Annotator "Lukacs,P"]
[PlyCount "60"]
[EventDate "1998.11.06"]
[EventType "swiss"]
[EventRounds "9"]
[EventCountry "GER"]
[SourceTitle "CBM 068"]
[Source "ChessBase"]
[SourceDate "1999.02.01"]
[SourceVersion "1"]
[SourceVersionDate "1999.02.01"]
[SourceQuality "1"]

1. e4 e5 2. Nf3 Nc6 3. Bc4 Bc5 4. d3 Nf6 5. Bb3 (5. O-O {can avoid the text
move.}) 5... d5 {Black wants to grab immediately the |^ in the [+].} 6. Nbd2 ({
If White wants to punish Black, he has to put pressure on Black's [+],
especially on the e5 P.} 6. exd5 Nxd5 7. O-O O-O (7... Bg4 8. h3) (7... Bb6 8.
Re1 O-O 9. Nxe5 Nxe5 10. Rxe5 Bxf2+ 11. Kxf2 (11. Kh1 $2 Be6) 11... Qf6+ 12.
Qf3 Qxe5 13. Bxd5 $16) 8. Nxe5 $1 Nxe5 (8... Bxf2+ 9. Rxf2 Nxe5 10. h3 $14) 9.
d4 Bg4 10. f3 Bb6 11. fxg4 Nf6 12. c3 $14) (6. Qe2 {The idea is to leave the K
in the [+] and grab the |^ on the >> by h3 and g4. White has to keep the [+]
as closed as possible.} O-O 7. c3 Be6 $5 (7... h6 8. h3 a5 9. Ba4 Re8 10. Nbd2
Bd7 11. g4 Rb8 12. Nf1 b5 13. Bc2 b4 14. Ng3 bxc3 15. bxc3 d4 $15 {
Jackova-Mendoza, Elista (ol) 1998}) 8. Bc2 $6 (8. Ng5 Bg4 9. f3 Bc8) (8. h3
$142 dxe4 9. dxe4 Bxb3 10. axb3 a5 $11) 8... a5 9. Nbd2 Ng4 $5 10. O-O d4 11.
h3 Nf6 12. Nb3 (12. Ba4 $2 Nh5 $1 13. Nb3 Bxb3 14. Bxb3 dxc3 15. Nxe5 Ng3 $1
16. Qf3 Nd4 17. Bxf7+ Kh8 18. Qg4 Nde2+ $19 {Kofidis-B.Lengyel, Balatonbereny
1992}) 12... Bb6 13. a4 $13) 6... dxe4 7. dxe4 {Now the symmetrical P
structure in the [+] doesn't give enough possibilities to disturb the equality.
} (7. Ng5 $2 Bxf2+ $1) 7... O-O 8. c3 a5 9. a4 $5 (9. O-O Qe7 10. Qe2 (10. Nc4
Rd8 11. Qc2 (11. Qe2 a4) 11... Nh5 $13) 10... Nh5 11. g3 Bh3 12. Re1 Nf6 $13)
9... b6 (9... Qe7 10. O-O Nh5 $13 (10... Bg4 $143 11. h3 Bh5 12. Re1 $14)) 10.
Qe2 (10. O-O $2 Ba6 11. Re1 Ng4 $19) 10... Ba6 $6 (10... Nh5 $1 {looks more
agressive here.} 11. g3 $1 {White has to defend against the penetrating Nf4,
although this way his white squares are a little bit weakened.} (11. O-O $2 Nf4
$17) (11. Nc4 Qf6 12. Bg5 (12. O-O Nf4 $15) 12... Qg6 $36) 11... Nf6 (11... Bh3
12. Nc4 {/\ Ng5}) 12. Nc4 (12. O-O Bg4) 12... Ba6) 11. Bc4 $1 Bxc4 12. Nxc4 Qe7
13. Bg5 h6 14. Bh4 (14. Bxf6 Qxf6 15. O-O $11 {/\ Ne3}) 14... Qe6 15. O-O Nh5
16. Bg3 f6 (16... Nxg3 17. hxg3 $11) (16... Nf4 17. Bxf4 exf4 18. e5 $1) 17.
Rfd1 Rad8 18. Nh4 $1 Nxg3 19. hxg3 Rf7 20. Rxd8+ ({More problems would pose
for Black} 20. Nf5 $1 Rfd7 (20... Rxd1+ 21. Rxd1 Bf8 (21... Rd7 22. Rxd7 Qxd7
23. Qg4 $1) 22. Qg4 Kh7 (22... Qxc4 $2 23. Nxh6+ Kh8 24. Nxf7+ Qxf7 25. Rd7)
23. Nxh6 $1 $16) 21. Rxd7 Qxd7 (21... Rxd7 22. Qg4 Kh7 $2 23. Nxh6 $1) 22. Qg4
Kh7 {and White's |^ has been repelled.}) 20... Nxd8 21. Rd1 Rd7 22. b3 Nb7 23.
Nf5 Kh7 24. Rxd7 Qxd7 25. Qg4 Qf7 {[#]} 26. Nxg7 $5 {This move finishes the
game with perpetual checks. Anyway White has no advantage at all, for example:}
(26. Kf1 g6 27. Nh4 (27. Nfe3 $2 Bxe3) 27... h5) (26. Qd1 g6) (26. Qh3 Bf8 {
/\ Nc5}) 26... Qxg7 27. Qf5+ Qg6 28. Qd7+ Qg7 29. Qf5+ Qg6 30. Qd7+ Qg7 1/2-1/2